000 00406 a2200157 4500
005 20250626145314.0
020 _a0-07-248581-7
082 _a658.049 BEA
100 _aBEAMISH, P. W.
245 _aInternational Management: Text and Cases.
250 _a5th Ed.
260 _aNew York,
_bMcGraw Hill,
_c2003.
300 _axii, 738p.: ill.;
_bIndex
_c27cm
700 _aMORRISON, A. J.
942 _2ddc
_cBKS
999 _c5412
_d5412